Todos artistas que já participaram do Poesia Acústica - Statistics

Estatísticas Gerais
  • Esse quiz foi jogado 52 vezes
    31 desde o último reset
  • A pontuação média é 35 de 68
Estatísticas das Respostas
Poesia Resposta % Correto
6, 9, 11, 13, 16 Xamã
90%
2, 4, 10 Delacruz
85%
6, 9, 12, 16 Filipe Ret
85%
6, 10, 13, 15, 17 Mc Cabelinho
85%
2, 3, 5 Maria
80%
6, 10, 16 Orochi
80%
4, 6, 11, 15 Azzy
75%
7 Matuê
75%
16 Ana Castela
65%
13, 15 Chefin
65%
4, 9, 14 Djonga
65%
6 Dudu
65%
9, 11, 13, 16 L7NNON
65%
7, 15 Mc Hariel
65%
13, 15 Oruam
65%
9, 11, 14, 16 Lourena
60%
10 LUDMILLA
60%
13 Luísa Sonza
60%
12 Marina Sena
60%
7 Mc Kevin o Chris
60%
11, 15 Mc Poze do Rodo
60%
11, 14, 16 Mc Ryan SP
60%
13, 16, 17 Tz da Coronel
60%
5, 7, 9, 11, 13 Chris Mc
55%
8, 11 Cynthia Luz
55%
2, 12, 15 Luiz Lins
55%
7 Negra Li
55%
10 Pk
55%
12 Teto
55%
7 Vitão
55%
14 WIU
55%
2, 10 BK
50%
8, 9, 14 Cesar Mc
50%
1, 3 Choice
50%
17 Duquesa
50%
14 Glória Groove
50%
10, 15 JayA Luuck
50%
13 NINA
50%
3, 17 Sant
50%
2, 5, 7 Ducon
45%
4, 8 Froid
45%
3 Lord
45%
5, 17 Luccas Carlos
45%
6 Maquiny / Modéstia
45%
8 Projota
45%
12 BIN
40%
4, 6, 8 Bob do Contra
40%
4, 8 Mv Bill
40%
15 Slipmami
40%
3 Tiago Mac
40%
12 Caio Luccas
35%
2 Diomedes Chinaski
35%
5 HODARI
35%
1 Jean Tassy
35%
1 Juyè
35%
2, 5, 8 Kayuá
35%
17 Lukinhas
35%
16 Mc PH
35%
17 Alee
30%
12 Borges
30%
12 Budah
30%
7 Dk 47
30%
5 Don L
30%
14 KayBlack
30%
10 Black
25%
8 Elana Dara
25%
14 Major RD
25%
14 Derxan
20%
Nenhum quiz correspondente encontrado
Distribuição das Pontuações
Porcentagem de Pessoas com Cada Pontuação
Percentil de Números Respondidos
Sua Pontuação Histórica
Você não jogou esse quiz desde o último reset